Mustafa Kemal Atatürk : (Record no. 200045157)

MARC details
000 -LEADER
fixed length control field 01038 a2200313 4500
001 - CONTROL NUMBER
control field 200045157
003 - CONTROL NUMBER IDENTIFIER
control field TR-AnTOB
005 - DATE AND TIME OF LATEST TRANSACTION
control field 20251208152720.0
008 - FIXED-LENGTH DATA ELEMENTS--GENERAL INFORMATION
fixed length control field 120718s1996 tu 000 0 d
020 ## - INTERNATIONAL STANDARD BOOK NUMBER
International Standard Book Number 975948738
040 ## - CATALOGING SOURCE
Original cataloging agency TR-AnTOB
Transcribing agency TR-AnTOB
041 ## - LANGUAGE CODE
Language code of text/sound track or separate title Almanca
050 14 - LIBRARY OF CONGRESS CALL NUMBER
Classification number DR592.K4
Item number K39 1996
090 ## - LOCALLY ASSIGNED LC-TYPE CALL NUMBER (OCLC); LOCAL CALL NUMBER (RLIN)
Classification number (OCLC) (R) ; Classification number, CALL (RLIN) (NR) DR592.K4 K39 1996
245 00 - TITLE STATEMENT
Title Mustafa Kemal Atatürk :
Remainder of title Begründer der Türkischen Republik /
Statement of responsibility, etc. Übersetz und vorbereitet von Müjdat Kayayerli.
264 #1 - PRODUCTION, PUBLICATION, DISTRIBUTION, MANUFACTURE, AND COPYRIGHT NOTICE
Place of production, publication, distribution, manufacture Ankara :
Name of producer, publisher, distributor, manufacturer Yansıma Yayınları,
Date of production, publication, distribution, manufacture, or copyright notice 1996.
300 ## - PHYSICAL DESCRIPTION
Extent IV, 167 p.:
Other physical details ill.;
Dimensions 19 cm.
336 ## - CONTENT TYPE
Source rdacontent
Content type term text
Content type code txt
337 ## - MEDIA TYPE
Source rdamedia
Media type term unmediated
Media type code n
338 ## - CARRIER TYPE
Source rdacarrier
Carrier type term volume
Carrier type code nc
490 0# - SERIES STATEMENT
Series statement Yansıma Yayınları Eğitim Dizisi
504 ## - BIBLIOGRAPHY, ETC. NOTE
Bibliography, etc. note
600 10 - SUBJECT ADDED ENTRY--PERSONAL NAME
Personal name Atatürk, Mustafa Kemal
Dates associated with a name 1881-1938
9 (RLIN) 20781
650 #0 - SUBJECT ADDED ENTRY--TOPICAL TERM
Topical term or geographic name entry element Cumhurbaşkanları
Geographic subdivision Türkiye
Form subdivision Biyografi
9 (RLIN) 12918
651 #0 - SUBJECT ADDED ENTRY--GEOGRAPHIC NAME
Geographic name Türkiye
General subdivision Tarih
Chronological subdivision 1918-1960
9 (RLIN) 51899
700 1# - ADDED ENTRY--PERSONAL NAME
Personal name Kayayerli, Müjdat
9 (RLIN) 83248
942 ## - ADDED ENTRY ELEMENTS (KOHA)
Koha item type Book
Source of classification or shelving scheme Library of Congress Classification
Holdings
Withdrawn status Lost status Source of classification or shelving scheme Not for loan Collection code Home library Current library Shelving location Date acquired Source of acquisition Cost, normal purchase price Serial Enumeration / chronology Inventory number Total Checkouts Total Holds Full call number Barcode Copy number Cost, replacement price Date shelved Koha item type
      Ödünç Verilebilir / Available Genel Koleksiyon Merkez Kütüphane Merkez Kütüphane Genel Koleksiyon / Main Collection 16/07/2012 Bağış / Donation 0.00 1 TAR     DR592.K4 K39 1996 0039826 1 0.01   Book
Devinim Yazılım Eğitim Danışmanlık tarafından Koha'nın orjinal sürümü uyarlanarak geliştirilip kurulmuştur.